01418cam a22003617a 4500999001700000001000900017003000400026005001700030008004100047010001700088020001800105035002400123040005400147042001400201050002600215070002500241082001600266245009400282260012700376300003700503490003300540504005100573650002400624650002400648700003900672700003000711710003400741710003700775710003700812906004500849942003600894952012600930 c26699d2669916608810OSt20170206100205.0110112s2009 wiua b 001 0 eng d a 2009907452 a9780891181705 a(OCoLC)ocn430842880 aBTCTAcBTCTAdGZMdSDBdNDDdYDXCPdUIUdAGLdDLC alccopycat00aS592.6 .N5bN573 20090 aS592.6.N5bN573 200900a631.8/422300aNitrogen fixation in crop production /cDavid W. Emerich and Hari B. Krishnan, [editors]. aMadison, WI :bAmerican Society of Agronomy :bCrop Science Society of America :bSoil Science Society of America,cc2009. a[xvii], 421 p. :bill. ;c24 cm.0 aAgronomy monograph ;vno. 52 aIncludes bibliographical references and index. 0aCrops and nitrogen. 0aNitrogenxFixation.1 aEmerich, David W.q(David William)1 aKrishnan, Hariq(Hari B.)2 aAmerican Society of Agronomy.2 aCrop Science Society of America.2 aSoil Science Society of America. a7bcbcccopycatd2eepcnf20gy-gencatlg 2lcccBOOKShS 592.6 .N5E44 2009 00102lcc4070aMUCbMUCcTECHd2017-02-06eDonation (BFA)l0oS 592.6 .N5E44 2009p33994r2018-07-10w2017-02-06yBOOKS